000 003580000a22001210004500
090 _aAR
_b04716
100 1 _aFowler, Harold G.
_994673
700 1 _aCabello, Luis
_998848
245 1 0 _aBionomics of Acromyrmex lundi Pubescens (Emery) in Paraguay (Hymenoptera: Formicidae)
041 0 _aInglés
942 _cARTICULO
773 1 _tEnt. News
_h7
_q175-177
_d1979
_g89
999 _c13816
_d13816